000 00298nam a22001337a 4500
008 170413b xxu||||| |||| 00| 0 eng d
020 _a0721642322
041 _aeng
080 _a618
100 _a10
101 _aSHM
245 _aMATERIAL FETAL ENDOCRINOLOGY
_cTULCHINKY.D
942 _2udc
_cBK
999 _c10668
_d10668